000 00314nam a22001457a 4500
008 230123b ||||| |||| 00| 0 eng d
020 _a9780578160719
041 _aeng
080 _a61
082 _a61BYY
100 _a4
101 _aMJKS
245 _aMEDICAL PROFESSIONALISM
_cBYYNY L R
942 _2udc
_cBK
999 _c59243
_d59243